[Event "IMSA Blitz Men 2019"]
[Site "Hengshui"]
[Date "2019.05.17"]
[Round "6.2"]
[White "Cheparinov, Ivan"]
[Black "Jones, Gawain C B"]
[Result "0-1"]
[WhiteElo "2667"]
[BlackElo "2702"]
[Annotator "RC"]
[PlyCount "288"]
[EventDate "2019.05.17"]
[EventType "blitz"]
[EventCountry "CHN"]
[SourceTitle "playchess.com"]
[Source "ChessBase"]
[SourceQuality "1"]
[TimeControl "180+2"]

1. e4 {[%emt 0:00:00]} e5 {[%emt 0:00:00]} 2. Nf3 {[%emt 0:00:00]} Nc6 {[%emt 0:00:01]} 3. d4 {[%emt 0:00:02]} exd4 {[%emt 0:00:01]} 4. Nxd4 {[%emt 0:00:01]} Nf6 {[%emt 0:00:02]} 5. Nxc6 {[%emt 0:00:02]} bxc6 {[%emt 0:00:01]} 6. e5 {[%emt 0:00:01]} Qe7 {[%emt 0:00:01]} 7. Qe2 {[%emt 0:00:02]} Nd5 {[%emt 0:00:01]} 8. h4 {[%emt 0:00:02]} f6 {[%emt 0:00:05]} 9. c4 {[%emt 0:00:10]} Ba6 {[%emt 0:00:02]} 10. Rh3 {[%emt 0:00:04]} Nb6 {[%emt 0:00:19]} 11. exf6 {[%emt 0:00:06]} Qxe2+ {[%emt 0:00:02]} 12. Bxe2 {[%emt 0:00:02]} Bxc4 {[%emt 0:00:04]} 13. Re3+ {[%emt 0:00:03]} Kf7 {[%emt 0:00:02]} 14. fxg7 {[%emt 0:00:11]} Bxg7 {[%emt 0:00:05]} 15. Bh5+ {[%emt 0:00:10]} Kf8 {[%emt 0:00:01]} 16. Nd2 {[%emt 0:00:10]} Bd5 {[%emt 0:00:32]} 17. Ne4 {[%emt 0:00:03]} h6 {[%emt 0:00:02]} 18. Nc3 {[%emt 0:00:35]} Bxg2 {[%emt 0:00:29]} 19. Rg3 {[%emt 0:00:02]} Bd5 {[%emt 0:00:05]} 20. Bf4 {[%emt 0:00:29]} Bf7 {[%emt 0:00:13]} 21. Bxf7 {[%emt 0:00:16]} Kxf7 {[%emt 0:00:01]} 22. Bxc7 {[%emt 0:00:01]} Rae8+ {[%emt 0:00:12]} 23. Kf1 {[%emt 0:00:02]} Nc4 {[%emt 0:00:03]} 24. Rd1 {[%emt 0:00:07]} d5 {[%emt 0:00:02]} 25. b3 {[%emt 0:00:03]} Ne5 {[%emt 0:00:08]} 26. Ne2 {[%emt 0:00:03]} Re7 {[%emt 0:00:04]} 27. Bd6 {[%emt 0:00:06]} Re6 {[%emt 0:00:00]} 28. Bc5 {[%emt 0:00:01]} Nd7 {[%emt 0:00:08]} 29. Bxa7 {[%emt 0:00:07]} Rhe8 {[%emt 0:00:26]} 30. Nd4 {[%emt 0:00:12]} Rf6 {[%emt 0:00:01]} 31. Nf3 {[%emt 0:00:12]} Rf4 {[%emt 0:00:10]} 32. Be3 {[%emt 0:00:02]} Rfe4 {[%emt 0:00:04]} 33. Rc1 {[%emt 0:00:03]} d4 {[%emt 0:00:08]} 34. Rxg7+ {[%emt 0:00:12]} Kxg7 {[%emt 0:00:01]} 35. Bxd4+ {[%emt 0:00:02]} Kf7 {[%emt 0:00:01]} 36. Rxc6 {[%emt 0:00:01]} Rf4 {[%emt 0:00:01]} 37. Rc3 {[%emt 0:00:09]} Ree4 {[%emt 0:00:02]} 38. Rd3 {[%emt 0:00:04]} Rf5 {[%emt 0:00:10]} 39. Be3 {[%emt 0:00:04]} Nf6 {[%emt 0:00:11]} 40. Bxh6 {[%emt 0:00:02]} Kg6 {[%emt 0:00:02]} 41. Bd2 {[%emt 0:00:02]} Ng4 {[%emt 0:00:02]} 42. Kg2 {[%emt 0:00:06]} Re2 {[%emt 0:00:01]} 43. Kg3 {[%emt 0:00:01]} Nxf2 {[%emt 0:00:02]} 44. Rd6+ {[%emt 0:00:02]} Kf7 {[%emt 0:00:06]} 45. Rd4 {[%emt 0:00:07]} Ne4+ {[%emt 0:00:01]} 46. Kg4 {[%emt 0:00:01]} Nxd2 {[%emt 0:00:06]} 47. Kxf5 {[%emt 0:00:04]} Nxf3 {[%emt 0:00:01]} 48. Rd7+ {[%emt 0:00:02]} Ke8 {[%emt 0:00:01]} 49. Rh7 {[%emt 0:00:02]} Rxa2 {[%emt 0:00:01]} 50. h5 {[%emt 0:00:02]} Nd4+ {[%emt 0:00:06]} 51. Ke5 {[%emt 0:00:02]} Nxb3 {[%emt 0:00:01]} 52. h6 {[%emt 0:00:03]} Ra5+ {[%emt 0:00:03]} 53. Kf6 {[%emt 0:00:02]} Ra6+ {[%emt 0:00:02]} 54. Kg5 {[%emt 0:00:03]} Nd4 {[%emt 0:00:05]} 55. Rb7 {[%emt 0:00:02]} Ne6+ {[%emt 0:00:01]} 56. Kg4 {[%emt 0:00:02]} Nf8 {[%emt 0:00:02]} 57. Kg5 {[%emt 0:00:02]} Ra5+ {[%emt 0:00:01]} 58. Kg4 {[%emt 0:00:01]} Ra6 {[%emt 0:00:02]} 59. Kg5 {[%emt 0:00:01]} Rg6+ {[%emt 0:00:02]} 60. Kh5 {[%emt 0:00:01]} Rg1 {[%emt 0:00:01]} 61. Ra7 {[%emt 0:00:03]} Rh1+ {[%emt 0:00:02]} 62. Kg5 {[%emt 0:00:01]} Rg1+ {[%emt 0:00:02]} 63. Kh5 {[%emt 0:00:01]} Rh1+ {[%emt 0:00:04]} 64. Kg5 {[%emt 0:00:01]} Nd7 {[%emt 0:00:01]} 65. Kg6 {[%emt 0:00:03]} Rg1+ {[%emt 0:00:04]} 66. Kf5 {[%emt 0:00:01]} Nf8 {[%emt 0:00:04]} 67. Rg7 {[%emt 0:00:03]} Rh1 {[%emt 0:00:03]} 68. Ra7 {[%emt 0:00:07]} Rxh6 {[%emt 0:00:01]} 69. Ke4 {[%emt 0:00:01]} Nd7 {[%emt 0:00:01]} 70. Kd4 {[%emt 0:00:02]} Ke7 {[%emt 0:00:00]} 71. Ra1 {[%emt 0:00:01]} Rh5 {[%emt 0:00:01]} 72. Re1+ {[%emt 0:00:01]} Kd6 {[%emt 0:00:01]} 73. Re8 {[%emt 0:00:02]} Nf6 {[%emt 0:00:01]} 74. Rd8+ {[%emt 0:00:01]} Ke6 {[%emt 0:00:01]} 75. Ke3 {[%emt 0:00:03]} Ke5 {[%emt 0:00:01]} 76. Ra8 {[%emt 0:00:03]} Rh3+ {[%emt 0:00:01]} 77. Ke2 {[%emt 0:00:01]} Kf4 {[%emt 0:00:03]} 78. Rf8 {[%emt 0:00:02]} Kf5 {[%emt 0:00:02]} 79. Kd2 {[%emt 0:00:02]} Ke5 {[%emt 0:00:02]} 80. Ke2 {[%emt 0:00:03]} Ra3 {[%emt 0:00:04]} 81. Kd2 {[%emt 0:00:03]} Nd5 {[%emt 0:00:03]} 82. Ke2 {[%emt 0:00:02]} Nf4+ {[%emt 0:00:02]} 83. Kf2 {[%emt 0:00:01]} Nd3+ {[%emt 0:00:06]} 84. Ke2 {[%emt 0:00:03]} Ke4 {[%emt 0:00:01]} 85. Re8+ {[%emt 0:00:01]} Ne5 {[%emt 0:00:01]} 86. Kd2 {[%emt 0:00:01]} Rd3+ {[%emt 0:00:05]} 87. Ke2 {[%emt 0:00:02]} Rh3 {[%emt 0:00:03]} 88. Kd2 {[%emt 0:00:02]} Rg3 {[%emt 0:00:02]} 89. Kc2 {[%emt 0:00:02]} Kd4 {[%emt 0:00:01]} 90. Rd8+ {[%emt 0:00:02]} Ke3 {[%emt 0:00:01]} 91. Re8 {[%emt 0:00:02]} Ke4 {[%emt 0:00:02]} 92. Kd2 {[%emt 0:00:02]} Ra3 {[%emt 0:00:03]} 93. Kc2 {[%emt 0:00:02]} Kd4 {[%emt 0:00:01]} 94. Rd8+ {[%emt 0:00:03]} Ke3 {[%emt 0:00:01]} 95. Re8 {[%emt 0:00:02]} Ra5 {[%emt 0:00:00]} 96. Kc3 {[%emt 0:00:04]} Rc5+ {[%emt 0:00:03]} 97. Kb4 {[%emt 0:00:00]} Rd5 {[%emt 0:00:01]} 98. Kc3 {[%emt 0:00:02]} Rd3+ {[%emt 0:00:03]} 99. Kb4 {[%emt 0:00:01]} Ke4 {[%emt 0:00:02]} 100. Rh8 {[%emt 0:00:04]} Rd7 {[%emt 0:00:06]} 101. Rh4+ {[%emt 0:00:02]} Kd3 {[%emt 0:00:02]} 102. Rh3+ {[%emt 0:00:01]} Kd4 {[%emt 0:00:00]} 103. Rh4+ {[%emt 0:00:01]} Ke3 {[%emt 0:00:03]} 104. Rh3+ {[%emt 0:00:01]} Nf3 {[%emt 0:00:01]} 105. Rh8 {[%emt 0:00:02]} Kd4 {[%emt 0:00:01]} 106. Kb5 {[%emt 0:00:04]} Ne5 {[%emt 0:00:03]} 107. Kb6 {[%emt 0:00:03]} Nc4+ {[%emt 0:00:01]} 108. Kc6 {[%emt 0:00:01]} Rd6+ {[%emt 0:00:01]} 109. Kc7 {[%emt 0:00:01]} Rg6 {[%emt 0:00:02]} 110. Rh1 {[%emt 0:00:03]} Kd5 {[%emt 0:00:01]} 111. Rd1+ {[%emt 0:00:02]} Kc5 {[%emt 0:00:01]} 112. Kd7 {[%emt 0:00:01]} Ne3 {[%emt 0:00:02]} 113. Rc1+ {[%emt 0:00:03]} Kd5 {[%emt 0:00:01]} 114. Ke7 {[%emt 0:00:01]} Ng4 {[%emt 0:00:05]} 115. Rd1+ {[%emt 0:00:02]} Ke5 {[%emt 0:00:01]} 116. Re1+ {[%emt 0:00:01]} Kf5 {[%emt 0:00:01]} 117. Rf1+ {[%emt 0:00:01]} Kg5 {[%emt 0:00:01]} 118. Kd7 {[%emt 0:00:02]} Ra6 {[%emt 0:00:03]} 119. Kc7 {[%emt 0:00:01]} Nf6 {[%emt 0:00:01]} 120. Rg1+ {[%emt 0:00:03]} Kf5 121. Rf1+ {[%emt 0:00:01]} Ke6 {[%emt 0:00:02]} 122. Re1+ {[%emt 0:00:02]} Kf7 {[%emt 0:00:02]} 123. Kb7 {[%emt 0:00:02]} Rd6 {[%emt 0:00:02]} 124. Kc7 {[%emt 0:00:01]} Ra6 {[%emt 0:00:07]} 125. Kb7 {[%emt 0:00:01]} Ra4 {[%emt 0:00:01]} 126. Kc6 {[%emt 0:00:02]} Ne4 {[%emt 0:00:01]} 127. Kb5 {[%emt 0:00:03]} Nc3+ {[%emt 0:00:01]} 128. Kc5 {[%emt 0:00:01]} Kf6 {[%emt 0:00:03]} 129. Re3 {[%emt 0:00:02]} Ne4+ {[%emt 0:00:06]} 130. Kd5 {[%emt 0:00:03]} Ng5 {[%emt 0:00:01]} 131. Kc5 {[%emt 0:00:02]} Ne6+ {[%emt 0:00:02]} 132. Kb5 {[%emt 0:00:02]} Rd4 {[%emt 0:00:03]} 133. Re1 {[%emt 0:00:01]} Ke7 {[%emt 0:00:02]} 134. Rh1 {[%emt 0:00:05]} Kd7 {[%emt 0:00:00]} 135. Rh7+ {[%emt 0:00:03]} Kd6 {[%emt 0:00:01]} 136. Rh6 {[%emt 0:00:00]} Rg4 {[%emt 0:00:02]} 137. Rf6 {[%emt 0:00:05]} Ke5 {[%emt 0:00:06]} 138. Rf1 {[%emt 0:00:02]} Kd5 {[%emt 0:00:01]} 139. Rd1+ {[%emt 0:00:04]} Nd4+ {[%emt 0:00:01]} 140. Kb4 {[%emt 0:00:02]} Rg3 {[%emt 0:00:01]} 141. Rb1 {[%emt 0:00:03]} Nc2+ {[%emt 0:00:04]} 142. Ka5 {[%emt 0:00:02]} Kc5 {[%emt 0:00:04]} 143. Rb5+ {[%emt 0:00:02]} Kc4 {[%emt 0:00:01]} 144. Rh5 {[%emt 0:00:02]} Rg6 {[%emt 0:00:02]} 0-1

[Event "IMSA Blitz Men 2019"]
[Site "Hengshui"]
[Date "2019.05.18"]
[Round "7.1"]
[White "Dominguez Perez, Leinier"]
[Black "Gelfand, Boris"]
[Result "0-1"]
[WhiteElo "2750"]
[BlackElo "2676"]
[Annotator "TA"]
[PlyCount "102"]
[EventDate "2019.05.17"]
[EventType "blitz"]
[EventCountry "CHN"]
[SourceTitle "playchess.com"]
[Source "ChessBase"]
[SourceQuality "1"]

{[%evp 24,102,18,20,28,20,42,17,18,30,29,14,0,17,14,20,38,41,59,15,25,0,23,0,85,19,210,204,185,212,270,273,289,276,260,252,247,239,318,310,323,326,318,173,166,-102,-99,-145,-4,-210,-269,-1241,-1231,-847,-1089,-1372,-1237,-1352,-970,-1361,-947,-7726,-3747,-2762,-2482,-5583,-4221,-29978,-29979,-29982,-29983,-29990,-29991,-29991,-29989,-29993,-29984,-29984,-29985,-29985,-29986]} 1. e4 c5 2. Nf3 Nc6 3. d4 cxd4 4. Nxd4 Nf6 5. Nc3 e5 6. Ndb5 d6 7. Bg5 a6 8. Na3 b5 9. Nd5 Be7 10. Bxf6 Bxf6 11. c3 Rb8 12. Nc2 Bg5 13. a4 bxa4 {B33: Sicilian: Pelikan and Sveshnikov Variations} 14. Ncb4 (14. Nce3 O-O 15. Qxa4 Bxe3 16. Nxe3 Ne7 17. O-O-O Bb7 18. Bd3 Bc6 19. Qa3 Qc7 20. Rd2 d5 21. exd5 Nxd5 22. Nxd5 Bxd5 23. Bxh7+ Kxh7 24. Rxd5 {½-½ (33) Dominguez Perez,L (2751)-Gelfand,B (2748) Baku 2014}) 14... Nxb4 15. cxb4 (15. Nxb4 {looks sharper.} Bb7 16. Qxa4+ Kf8 17. Bd3 g6 18. O-O) 15... O-O {The position is equal.} 16. Rxa4 a5 17. h4 Bh6 18. b5 Kh8 19. Be2 Bd7 20. Nc3 {[#]} Be6 $146 ({Predecessor:} 20... Rc8 21. Bc4 {½-½ (39) Marti Pericot,J (2477)-Neto,H (2603) ICCF email 2015}) 21. g3 Qb6 22. Bg4 Rbc8 23. O-O Rc5 (23... Bxg4 $11 24. Qxg4 Bd2) 24. Be2 ({White should try} 24. Bxe6 $16 fxe6 25. Qe2) 24... f5 $2 (24... Rcc8 $11 {and Black stays safe.}) 25. exf5 $1 $18 Bxf5 26. g4 $1 {[%cal Rg4f5]} Bg6 27. g5 Bxg5 28. hxg5 Qd8 29. Rg4 d5 30. Qd2 d4 31. Ne4 Bxe4 32. Rxe4 Rf4 33. Rxf4 (33. Qd3 $142) 33... Qxg5+ {[#]} 34. Bg4 $2 (34. Kh2 $1 $18 {[%cal Rf4f8]} Qh6+ {[%mdl 64] Pin} 35. Kg3 Qg5+ {[%mdl 64] Pin} 36. Bg4 exf4+ 37. Qxf4 Qxf4+ 38. Kxf4 Rxb5 39. Ra1) 34... exf4 $17 35. Qe2 {[%cal Re2e8]} Re5 (35... h5 $17 {Strongly threatening ...Re5.} 36. Qe8+ {[#]} Kh7 $1 {[%mdl 512]} 37. Qxh5+ (37. Qe4+ $2 g6 $19) 37... Qxh5 38. Bxh5 Rg5+ 39. Bg4 Rxg4+ 40. Kh2 Rg5) 36. Qf3 $2 (36. Rc1 $11 {and White is okay.} h5 {[%mdl 64] Pin} 37. Rc8+ Kh7 38. Qc2+ d3 39. Qxd3+ g6 40. Qd7+ Re7 41. Qd1) 36... h5 $19 {[%mdl 64] Pin} 37. Kg2 $2 (37. b6 Qxg4+ 38. Qxg4 hxg4 39. Rd1) 37... Qxg4+ 38. Qxg4 hxg4 {[%mdl 4096] Endgame KR-KR} 39. Rd1 Rxb5 40. Rxd4 g5 41. Rd8+ Kg7 42. Ra8 Kg6 (42... Rxb2 $142 43. Rxa5 g3 44. Ra7+ Kg6) 43. Ra6+ Kf5 44. Kg1 Ke4 45. Kg2 Rxb2 {Black mates.} 46. Rxa5 g3 47. Rxg5 Rxf2+ 48. Kg1 Ra2 49. Rb5 Kf3 50. Rb3+ Kg4 51. Rb4 Kh3 {Accuracy: White = 31%, Black = 46%.} 0-1

[Event "IMSA Blitz Men 2019"]
[Site "Hengshui"]
[Date "2019.05.18"]
[Round "7.1"]
[White "Yu, Yangyi"]
[Black "Jones, Gawain C B"]
[Result "0-1"]
[WhiteElo "2739"]
[BlackElo "2702"]
[Annotator "TA"]
[PlyCount "54"]
[EventDate "2019.05.17"]
[EventType "blitz"]
[EventCountry "CHN"]
[SourceTitle "playchess.com"]
[Source "ChessBase"]
[SourceQuality "1"]

{[%evp 15,54,15,8,9,14,14,13,8,12,-37,-38,-61,-56,-52,35,-137,-135,-221,-201,-279,-277,-389,-377,-396,-385,-401,-389,-369,-387,-419,-416,-422,-416,-513,-523,-1137,-1123,-888,-689,-29996,-29997]} 1. c4 g6 2. g3 Bg7 3. Bg2 c5 4. Nc3 Nc6 5. Nf3 d6 6. O-O e6 7. e3 Nge7 8. d4 O-O 9. Re1 {A37: Symmetrical English vs ...g6: 4 Bg2 Bg7 5 Nf3} Rb8 10. b3 e5 $146 ({Predecessor:} 10... cxd4 11. Nxd4 Nxd4 12. exd4 Nf5 13. Be3 Nxe3 14. Rxe3 a6 15. Rc1 Bh6 16. f4 Bg7 {1-0 (37) Carlsen,M (2835)-Svidler,P (2737) St Petersburg 2018}) 11. dxe5 {The position is equal.} dxe5 {Threatens to win with ...e4!} 12. Ba3 Qa5 13. Qc1 {[#]} e4 $1 $36 {[%mdl 2560] Black has some pressure.} 14. Nxe4 {Hoping for Bb2.} f5 (14... Bxa1 $6 15. Qxa1 Qxa3 16. Nf6+ Kh8 17. Nd7+ Kg8 18. Nf6+ Kh8 19. Nh5+ Nd4 20. exd4 $16) (14... Bf5 $1 $15 15. Nxc5 Bxa1) 15. Bb2 $2 (15. Nxc5 $14 {was forced to keep a grip.} Bxa1 16. b4 Nxb4 17. Nb3 {[%mdl 64] Double Attack} Nxa2 18. Nxa5 (18. Bxe7 Nxc1 19. Nxa5 Bc3 $14) 18... Nxc1 19. Bxe7) 15... fxe4 $17 16. Ng5 {[#]} (16. Bxg7 $17 Kxg7 17. Ng5) 16... Ne5 $1 $19 {[%cal Re5d3] Strongly threatening ...Nd3.} 17. Bxe4 {White hopes to continue with f4.} Bf5 18. Qc2 (18. Rd1 $142 Bxe4 19. Bxe5 Bxe5 20. Nxe4) 18... h6 19. f4 hxg5 20. Bxe5 Bxe5 21. fxe5 Qc7 ({Don't take} 21... Bxe4 22. Qxe4 Qc3 23. Rac1 $19) 22. Bxf5 Rxf5 ({Not} 22... gxf5 23. e6 $19) 23. Rad1 Qxe5 24. Rd7 Rbf8 25. Rxb7 Qf6 26. Qd3 Rf2 {( -> ...Qf3!)} 27. Rxa7 {[#]} Qf3 $1 {Accuracy: White = 17%, Black = 78%.} 0-1

[Event "IMSA Blitz Men 2019"]
[Site "Hengshui"]
[Date "2019.05.18"]
[Round "7.1"]
[White "Rapport, Richard"]
[Black "Fedoseev, Vladimir"]
[Result "1-0"]
[WhiteElo "2736"]
[BlackElo "2683"]
[Annotator "TA"]
[PlyCount "79"]
[EventDate "2019.05.17"]
[EventType "blitz"]
[EventCountry "CHN"]
[SourceTitle "playchess.com"]
[Source "ChessBase"]
[SourceQuality "1"]

{[%evp 13,79,26,32,21,29,28,28,30,26,30,33,18,40,27,72,54,144,41,50,50,47,60,53,49,56,0,0,0,47,76,57,46,50,50,208,183,186,170,176,171,167,177,184,173,183,172,160,179,609,603,609,602,593,529,497,187,189,178,536,535,530,526,1173,1163,1201,1193,1175,1156]} 1. Nf3 d5 2. g3 Nf6 3. Bg2 g6 4. c4 c6 5. b3 Bg7 6. Bb2 O-O 7. O-O b6 8. d4 {A11: English Opening: 1...c6} Bb7 9. Nc3 e6 10. Qc2 {White has an edge.} Nbd7 11. Rad1 (11. e4 Nxe4 12. Nxe4 dxe4 13. Qxe4 Qc7 14. Ne5 Nxe5 15. dxe5 Rab8 {½-½ (38) Ding,L (2777)-Ivanchuk,V (2726) Huaian 2017}) 11... Qc8 12. e4 $146 ({Predecessor:} 12. Rfe1 Ba6 13. e4 dxe4 14. Nxe4 Nxe4 15. Qxe4 Bb7 {0-1 (44) Roos,C (2155)-Seto,W (2055) Thessaloniki 1988}) 12... dxe4 13. Ng5 e3 14. fxe3 c5 (14... Qc7 $14) 15. Nce4 (15. Nb5 $1 $16 {[%cal Rb5d6] Strongly threatening Nd6.} Bxg2 16. Qxg2) 15... Nxe4 16. Nxe4 Bxe4 17. Qxe4 Rb8 18. Qf4 b5 {next ...bxc4 is good for Black.} 19. Rc1 ({White should try} 19. Ba3 $14) 19... bxc4 $11 20. Rxc4 Qa6 21. Ra4 $36 {[%cal Bc4a4,Ba4a6,Ba6c6][%mdl 2080] Keeping Black busy.} Qb6 22. Ba3 {Black must now prevent dxc5.} e5 23. Qg4 f5 $2 (23... Rfd8 $14) 24. dxc5 $18 Qc7 25. Qc4+ Kh8 26. Ra6 {Threatens to win with Qa4.} e4 {[#]} 27. Qa4 $1 Ra8 28. Rc6 Qb8 29. Re6 Ne5 30. c6 Re8 $2 {[#]} (30... Qc8 31. Rxe5 Bxe5) 31. c7 $1 {[%mdl 512]} Qc8 (31... Qxc7 32. Rxe8+) 32. Rxe8+ Qxe8 33. Qxe8+ Rxe8 {[#]} 34. Rc1 $2 (34. g4 $1 {[%mdl 512]}) 34... Rc8 35. Bd6 {Rc5 is the strong threat.} Nf7 $2 (35... Nd3 {is tougher.} 36. Rd1 Bf8) 36. Bf4 {White is clearly winning.} g5 37. Bh3 g4 38. Bf1 Be5 39. Bxe5+ Nxe5 40. Ba6 {Accuracy: White = 70%, Black = 33%.} 1-0

[Event "IMSA Blitz Men 2019"]
[Site "Hengshui"]
[Date "2019.05.18"]
[Round "7.1"]
[White "Wang, Hao"]
[Black "Leko, Peter"]
[Result "1/2-1/2"]
[WhiteElo "2735"]
[BlackElo "2674"]
[Annotator "TA"]
[PlyCount "96"]
[EventDate "2019.05.17"]
[EventType "blitz"]
[EventCountry "CHN"]
[SourceTitle "playchess.com"]
[Source "ChessBase"]
[SourceQuality "1"]

{[%evp 11,96,15,16,20,23,24,19,16,22,20,39,18,20,19,15,7,21,2,24,0,0,0,0,0,0,0,-1,-9,-19,-39,2,5,0,0,0,0,0,0,14,25,20,0,6,-6,19,0,0,0,0,6,81,10,21,5,6,1,1,0,0,0,0,0,0,0,0,0,0,0,0,0,0,0,0,0,0,0,0,0,0,0,0,0,0,0,0,0,0]} 1. e4 e5 2. Nf3 Nc6 3. Bc4 Bc5 4. c3 Nf6 5. d3 d6 6. O-O a6 7. a4 {C54: Giuoco Piano: 4 c3 Nf6, main lines with 5 d4 and 5 d3} Ba7 $146 ({Predecessor:} 7... O-O 8. Re1 h6 9. h3 Re8 10. Nbd2 Be6 11. Bxe6 Rxe6 12. b4 Ba7 13. Qc2 Qd7 14. Nf1 {½-½ (55) Swiercz,D (2655)-Jumabayev,R (2609) Astana 2019}) 8. Nbd2 O-O 9. Re1 h6 10. Nf1 Re8 11. h3 Be6 12. Bxe6 Rxe6 13. b4 d5 {Strongly threatening ...dxe4.} 14. Qc2 Qd7 15. Ng3 Rd8 16. Bb2 b5 17. axb5 axb5 18. Bc1 Bb6 19. Be3 Bxe3 20. Rxe3 dxe4 21. dxe4 Ne7 22. Ree1 Ng6 23. Nf5 Qc6 24. g3 Ree8 25. Kg2 Rd7 26. Rac1 Red8 27. c4 Rb8 28. Re3 (28. Qa2 {feels hotter.} Rb6 29. h4 Nxe4 30. cxb5 Qb7 31. Ra1) 28... bxc4 29. Qxc4 Qxc4 30. Rxc4 Rb5 (30... Ne8 $11) 31. Rec3 (31. Ra3 $16) 31... Ne8 $11 {The position is equal.} 32. h4 Ne7 33. Nxe7+ Rxe7 34. Nd2 Nd6 35. Rxc7 Rxc7 36. Rxc7 Rxb4 37. Rc5 Nxe4 38. Nxe4 Rxe4 {[%mdl 4096] Endgame KR-KR} 39. f3 Re2+ 40. Kf1 Re3 41. Kf2 Ra3 42. Rxe5 g6 43. Re8+ Kg7 44. Re5 h5 45. Rd5 Rb3 46. Re5 Ra3 47. Rd5 Rb3 48. Re5 Ra3 {Accuracy: White = 68%, Black = 63%.} 1/2-1/2

[Event "IMSA Blitz Men 2019"]
[Site "Hengshui"]
[Date "2019.05.18"]
[Round "7.1"]
[White "Vidit, Santosh Gujrathi"]
[Black "Bu, Xiangzhi"]
[Result "1/2-1/2"]
[WhiteElo "2707"]
[BlackElo "2729"]
[Annotator "TA"]
[PlyCount "114"]
[EventDate "2019.05.17"]
[EventType "blitz"]
[EventCountry "CHN"]
[SourceTitle "playchess.com"]
[Source "ChessBase"]
[SourceQuality "1"]

{[%evp 20,114,27,30,29,34,31,31,35,37,47,47,50,38,51,27,29,29,48,31,38,36,33,25,44,33,41,12,27,17,8,9,13,13,13,10,10,7,12,0,0,0,0,0,0,0,7,7,7,7,14,0,8,0,25,0,6,0,13,0,8,0,13,13,13,13,13,8,8,8,8,6,6,6,6,6,6,6,8,8,8,0,8,0,6,0,8,8,8,0,8,0,8,0,8,0,8]} 1. d4 d5 2. c4 c6 3. Nf3 Nf6 4. Nc3 e6 5. Bg5 Nbd7 6. e3 Qa5 7. Nd2 dxc4 8. Bxf6 Nxf6 9. Nxc4 Qc7 10. Rc1 Be7 11. g3 O-O {D52: Queen's Gambit Declined: Cambridge Springs Variation} 12. Bg2 Rd8 13. O-O Nd5 {White is slightly better.} 14. a3 (14. Qb3 Nxc3 15. Qxc3 a5 16. Ne5 Bd7 17. Nxd7 Rxd7 18. f4 g6 19. h4 {½-½ (34) Abasov,N (2627)-Bu,X (2731) Astana 2019}) 14... Nxc3 15. Rxc3 a5 16. Qc2 Bd7 {[#]} 17. h4 $146 ({Predecessor:} 17. Ne5 Be8 18. Nd3 Ra7 19. h4 {1-0 (100) L'Ami,E (2613)-Michiels,B (2563) Wijk aan Zee 2015}) 17... Be8 18. Rc1 g6 19. Ne5 Bf6 20. Nd3 e5 21. dxe5 Bxe5 22. Nxe5 Qxe5 23. Rd1 Rxd1+ 24. Qxd1 Qf6 25. Qc2 Rd8 26. Rc4 Rd6 27. Rf4 Qd8 28. Qc3 h5 29. Rd4 Rxd4 30. exd4 Bd7 31. d5 cxd5 $1 32. Bxd5 b6 33. Qe5 {[#] Hoping for Qd6.} Be8 34. Kh2 Kh7 35. Kg1 Kg8 36. Kh2 Kh7 37. f4 Qd7 {The position is equal.} 38. Kg1 Kg8 (38... Qa4 {is interesting.} 39. f5 Qd1+ 40. Kh2 Qd2+ 41. Kh1 Qc1+) 39. Kf2 Kf8 40. Ke3 Qe7 41. Qxe7+ Kxe7 $11 {[%mdl 4096] Endgame KB-KB} 42. Kd4 Kd6 43. b4 axb4 44. axb4 f6 45. Bb3 Bd7 46. Bf7 Bf5 47. Bc4 Bd7 48. Bd3 Be8 49. Be4 Bf7 50. Bd3 Be8 51. Bc4 Bd7 52. Bd3 Be8 53. Bc2 Bf7 54. Bd3 Be8 55. Bc2 Bf7 56. Bd3 Be8 57. Bc2 Bf7 {Accuracy: White = 43%, Black = 75%.} 1/2-1/2

[Event "IMSA Blitz Men 2019"]
[Site "Hengshui"]
[Date "2019.05.18"]
[Round "7.1"]
[White "Korobov, Anton"]
[Black "Andreikin, Dmitry"]
[Result "1/2-1/2"]
[WhiteElo "2687"]
[BlackElo "2722"]
[Annotator "TA"]
[PlyCount "96"]
[EventDate "2019.05.17"]
[EventType "blitz"]
[EventCountry "CHN"]
[SourceTitle "playchess.com"]
[Source "ChessBase"]
[SourceQuality "1"]

{[%evp 12,96,10,0,2,7,12,0,0,-7,-6,0,0,-5,-7,-42,0,0,7,11,19,14,9,9,16,11,25,6,19,0,0,0,-8,-20,0,0,0,-15,0,-15,-22,-20,-8,-8,52,50,64,0,3,8,37,37,37,37,35,43,99,60,60,59,74,60,60,60,60,60,60,60,60,60,60,0,60,0,60,60,60,60,60,60,60,60,60,0,60,0,60]} 1. d4 Nf6 2. c4 e6 3. Nf3 d5 4. Nc3 Nbd7 5. cxd5 exd5 6. Bf4 c6 7. h3 Nb6 {D35: Queen's Gambit Declined: Exchange Variation} (7... Ne4 8. Nxe4 dxe4 9. Nd2 Nf6 10. e3 Nd5 11. Be5 f6 12. Bg3 Bb4 13. a3 Bxd2+ 14. Qxd2 O-O 15. Be2 {½-½ (37) Shankland,S (2731)-Vitiugov,N (2726) Prague 2019}) 8. e3 Bf5 9. Be2 Bd6 10. Ne5 Qe7 11. O-O $146 ({Predecessor:} 11. g4 Be6 12. Qc2 Nfd7 13. Nd3 f6 14. h4 Bf7 15. h5 Bxf4 16. Nxf4 {0-1 (64) Krasenkow,M (2609)-Urban,K (2451) Warsaw 2003}) 11... O-O 12. Qb3 Ne4 {aiming for ...Nd2.} 13. Nxe4 Bxe4 14. a4 f6 15. Nd3 Nc4 16. Bxd6 Nxd6 17. Nc5 Bg6 18. a5 a6 19. Rae1 Rae8 20. Qc3 Ne4 21. Nxe4 Bxe4 22. b4 Qf7 23. f3 Bf5 24. Bd1 Kh8 25. Bb3 Qg6 26. Kh2 Bd3 27. Rf2 Bb5 (27... h5 $11) 28. e4 $14 Qh6 29. Qe3 (29. e5 $14) 29... Qxe3 $11 30. Rxe3 f5 {[%cal Rf5e4]} 31. e5 f4 32. Re1 Bd3 33. g4 Re6 ({Better is} 33... fxg3+ $14 34. Kxg3 g6) 34. g5 Bf5 35. h4 h5 36. Bc2 (36. Kg2 {feels hotter.} Kg8 37. Rb2 Bd3 38. Ra2 Bf5 39. Kf2) 36... g6 37. Bxf5 Rxf5 $14 {[%mdl 4096] Endgame KRR-KRR} 38. Rc2 Rf8 39. Rec1 Ra8 40. Kg2 Kg7 41. Kh2 (41. Kf2 $14) 41... Kf7 ({Black should play} 41... Kh8 $1 $11) 42. Kg2 (42. Kh3 $14) 42... Ke7 ({Black should try} 42... Kg7 $1 $11) 43. Kf2 Kd7 44. Ke2 Ra7 45. Kd3 Ra8 46. Rc3 Ra7 47. R3c2 Ra8 48. Rc3 Ra7 $1 {Accuracy: White = 37%, Black = 52%.} 1/2-1/2